000 00762nam a2200241Ia 4500
003 OSt
005 20220926013318.0
006 a|||||r|||| 00| 0
007 ta
008 220923b |||||||| |||| 00| 0 eng d
037 _cGeneral Book
040 _aRTL
_cRTL
_beng
041 _2eng
_aeng
082 _aY124.73.N7, L3
100 _aPartridge William L
_9318085
245 0 _aHippie ghetto
_b The natural history of a subcultur
260 _aNew York
_bHolt Richard and Winston
_c1973
300 _axvii, 88p
_ccm.
490 _aCase Studies in Cultural Anthropology. Ed by George and Louise Spindler
650 _aYouth Revolt
_9233159
942 _hY124.73.N7, L3
_cGB
_2CC
999 _c625666
_d625666